000 00600nam a2200253Ia 4500
005 20260121161110.0
008 008 260114s9999 xx 000 0 eng d
020 _a9781315482378
037 _aEBOOK
040 _aCRL
040 _beng
040 _cCRL
041 _2eng
041 _aeng
084 _qCRL
100 _a Ronald C Fisher
_91040184
245 0 _aToward Sustainable Development?
260 _bTaylor and Francis
260 _c1995
856 _uhttp://www.taylorfrancis.com/books/9781315482378
942 _cEBOOK
999 _c1607000
_d1607000